000 00319nam a2200133Ia 4500
005 20260326235445.0
008 260326s9999||||xx |||||||||||||| ||und||
100 _aCastro, Ricardo L.
245 0 _aSalmona /
_cRicardo L. Castro
260 _bVillegas Editores
300 _a239 p.
650 _aARQUITECTOS
942 _cBK
999 _c7544
_d7544